[Event "AUTO-ADV-231"]
[Site "http://www.queenalice.com/game.php?id=175903"]
[Date "2007.3.2"]
[Round "2"]
[White "bleras"]
[Black "josecastroman"]
[Result "1-0"]
[WhiteElo "1927"]
[BlackElo "1929"]

1. e4 e5 2. f4 Nc6 3. Ne2 Bc5 4. d3 d6 5. Nec3 Nf6 6. f5 h6 7. Na4 O-O 8. Nxc5
dxc5 9. Be3 b6 10. Nd2 Bb7 11. g3 Nd4 12. Bh3 Nh7 13. O-O Ng5 14. Bg2 f6 15. c3
Nc6 16. Nc4 Qe7 17. Qb3 Kh8 18. h4 Nh7 19. Rf2 Qf7 20. Bxc5 Rfb8 21. Be3 Qd7 22.
Bf1 Na5 23. Nxa5 bxa5 24. Qc2 Rg8 25. g4 Rad8 26. Bxa7 g6 27. Rg2 gxf5 28. gxf5
Rxg2+ 29. Kxg2 Qg7+ 30. Kf3 Rg8 31. Qg2 Qf7 32. Qh1 Qh5+ 33. Kf2 Rg4 34. Be2
Rf4+ 35. Ke3 Qxh4 36. Kd2 Ng5 37. Be3 Qxh1 38. Rxh1 Nf3+ 39. Kc2 Rxf5 40. Rxh6+
1-0

[Event "AUTO-ADV-231"]
[Site "http://www.queenalice.com/game.php?id=175904"]
[Date "2007.3.2"]
[Round "2"]
[White "josecastroman"]
[Black "bleras"]
[Result "0-1"]
[WhiteElo "1917"]
[BlackElo "1911"]

1. e4 e5 2. Nf3 Nc6 3. Bc4 Nf6 4. Nc3 Be7 5. d3 O-O 6. Be3 d6 7. h3 Na5 8. Bb3
Nxb3 9. cxb3 c6 10. Qd2 Nd7 11. g4 Nb6 12. O-O-O d5 13. Bxb6 axb6 14. Nxe5 d4
15. Ne2 Rxa2 16. Kb1 Be6 17. Kxa2 Qa8+ 18. Kb1 Bxb3 19. Nc1 Bxd1 20. Qxd1 b5 21.
Qb3 Qa5 22. f4 Bd6 23. Ne2 Qc7 24. Nxd4 Bxe5 25. fxe5 Qxe5 26. Qc3 Rd8 27. Nf5
Qxc3 28. bxc3 Rxd3 29. Kc2 Rd8 30. Rd1 Rxd1 31. Kxd1 Kf8 32. Nd6 b6 33. Kd2 Ke7
34. Nc8+ Kd7 35. Nxb6+ Kc7 36. Nd5+ cxd5 37. exd5 Kd6 38. Kd3 Kxd5 39. h4 f6 40.
Ke3 g6 41. Kd3 Ke5 42. Ke3 h5 43. gxh5 gxh5 44. Kf3 f5 45. Ke3 f4+ 46. Kf3 Kf5
0-1

[Event "AUTO-ADV-231"]
[Site "http://www.queenalice.com/game.php?id=175905"]
[Date "2007.3.2"]
[Round "2"]
[White "bleras"]
[Black "ichtus"]
[Result "1-0"]
[WhiteElo "2003"]
[BlackElo "2099"]

1. e4 c5 2. Nf3 d6 3. c4 Nc6 4. Nc3 Bg4 5. Be2 Nf6 6. O-O g6 7. d3 Bg7 8. Be3
O-O 9. Rb1 Rb8 10. Qd2 Nd7 11. h3 Bxf3 12. Bxf3 Nd4 13. Bd1 a6 14. a4 Re8 15. b4
cxb4 16. Rxb4 Qa5 17. Ne2 Nc6 18. Rb1 Qxd2 19. Bxd2 Nc5 20. Bc2 Ne5 21. Nc1 Nc6
22. Ne2 Nd4 23. Nxd4 Bxd4 24. Kh1 Ne6 25. a5 b6 26. axb6 Bxb6 27. Ra1 Ra8 28.
Ba4 Rec8 29. Bd7 Rd8 30. Bxe6 fxe6 31. Ra2 Rd7 32. Bc3 e5 33. Rb1 Bc5 34. Kg1
Kf7 35. Kf1 Ke6 36. Ke2 Rf8 37. f3 Ra7 38. Ra5 Kd7 39. Bxe5 Kc6 40. Bc3 e5 41.
Bd2 Bb6 42. Ra2 Rc8 43. Be3 Bc5 44. g3 Rca8 45. f4 Re8 46. f5 gxf5 47. exf5 e4
48. d4 Bb6 49. d5+ 1-0

[Event "AUTO-ADV-231"]
[Site "http://www.queenalice.com/game.php?id=175906"]
[Date "2007.3.2"]
[Round "2"]
[White "ichtus"]
[Black "bleras"]
[Result "0-1"]
[WhiteElo "2088"]
[BlackElo "1957"]

1. d4 d5 2. Nf3 Nf6 3. Bg5 e6 4. Nbd2 Be7 5. e3 O-O 6. Bd3 Nbd7 7. c3 c6 8. O-O
b6 9. Re1 Re8 10. e4 dxe4 11. Nxe4 Nxe4 12. Bxe7 Rxe7 13. Bxe4 Bb7 14. Qc2 Nf6
15. Bd3 h6 16. Rad1 Qd6 17. Ne5 Rd8 18. Qe2 Qd5 19. Bc4 Qa5 20. a4 Nd5 21. b4
Nxb4 22. cxb4 Qxb4 23. Qa2 Rxd4 24. Bb3 c5 25. h3 Bd5 26. Bxd5 exd5 27. Nf3
Rxe1+ 28. Rxe1 Qxa4 29. Qxa4 Rxa4 30. Rd1 d4 31. Ne5 Ra3 32. Kf1 Ra2 33. Ke1 Kf8
34. Rb1 Ke7 35. Nc4 Ke6 36. Nd2 Kd5 37. Rb5 d3 38. Rb1 c4 39. Rb5+ Kc6 40. Rb1
b5 41. Ne4 Re2+ 0-1

[Event "vamos Pablo!"]
[Site "http://www.queenalice.com/game.php?id=182132"]
[Date "2007.3.15"]
[Round "-"]
[White "javierqz"]
[Black "bleras"]
[Result "0-1"]
[WhiteElo "2077"]
[BlackElo "1935"]

1. d4 c5 2. d5 d6 3. e4 g6 4. Nc3 Bg7 5. f4 Bxc3+ 6. bxc3 Nf6 7. e5 dxe5 8. fxe5
Nxd5 9. c4 Nb4 10. Qxd8+ Kxd8 11. Bd3 N8c6 12. a3 Nxd3+ 13. cxd3 Nxe5 14. Ke2
Nc6 15. Nf3 e5 16. Bb2 f6 17. Rhf1 Ke7 18. Rae1 Be6 19. Nd2 b6 20. Ne4 Rhf8 21.
Rf2 Rad8 22. Ref1 Bg4+ 23. Kd2 Bf5 24. Ke3 h5 25. Rd2 Rd7 26. h3 h4 27. Nc3 Be6
28. Ne4 Nd4 29. Rdf2 Nf5+ 30. Ke2 Rfd8 31. Rf3 Kf7 32. a4 Kg7 33. g3 Nxg3+ 34.
Nxg3 hxg3 35. Rxg3 Bxc4 0-1

[Event "Challenge"]
[Site "http://www.queenalice.com/game.php?id=196125"]
[Date "2007.4.13"]
[Round "-"]
[White "corinthians2"]
[Black "bleras"]
[Result "1-0"]
[WhiteElo "2099"]
[BlackElo "1978"]

1. e4 e5 2. Nf3 Nc6 3. Bb5 Nge7 4. O-O g6 5. c3 Bg7 6. d4 exd4 7. cxd4 d5 8.
exd5 Nxd5 9. Re1+ Be6 10. Bg5 Qd6 11. Nc3 O-O 12. Rc1 h6 13. Bh4 Nce7 14. Bc4
Rfe8 15. Bxe7 Rxe7 16. Nxd5 Bxd5 17. Rxe7 Bxc4 18. Re3 Bd5 19. Ne5 Bxa2 20. b3
Rc8 21. Qc2 Qxd4 22. Nf3 Qb2 23. Qxb2 Bxb2 24. Rc2 Ba3 25. Rxa2 Bb4 26. Rxa7 Bc5
27. Rxb7 Bxe3 28. fxe3 f6 29. Kf2 1-0

[Event "AUTO-OPEN-336"]
[Site "http://www.queenalice.com/game.php?id=200596"]
[Date "2007.4.22"]
[Round "2"]
[White "bleras"]
[Black "Pato"]
[Result "1/2-1/2"]
[WhiteElo "2025"]
[BlackElo "2052"]

1. e4 Nc6 2. Nf3 d5 3. exd5 Qxd5 4. Nc3 Qa5 5. Bc4 Bg4 6. Bd5 Nf6 7. Bxc6+ bxc6
8. O-O Qh5 9. d3 e6 10. Ne4 Bxf3 11. Qxf3 Qxf3 12. gxf3 Bd6 13. Bg5 Ke7 14. c4
h6 15. Bh4 g5 16. Bg3 Rab8 17. b3 Nh5 18. c5 Bf4 19. Rfd1 Rbd8 20. d4 f5 21. Nc3
Rd7 22. Ne2 Rhd8 23. Rd3 e5 24. Re1 Kf7 25. Red1 Rd5 26. b4 exd4 27. Rxd4 Nxg3
28. hxg3 Be5 29. Rxd5 cxd5 30. c6 d4 31. Nc1 Ke6 32. Nd3 Kd5 33. Rc1 Bd6 34. b5
Rb8 35. a4 a6 36. Rb1 axb5 37. axb5 Kc4 38. Ne1 Rxb5 39. Rc1+ Kd5 40. Nc2 Bc5
41. f4 d3 42. Rd1 Kc4 43. Ne1 Rb3 44. fxg5 hxg5 45. Nf3 Kc3 46. Rc1+ Kb4 47. Rd1
g4 48. Ne5 d2 49. Rxd2 Rxg3+ 50. Kf1 Rb3 51. Rd5 Bb6 52. Nd7 Kc4 53. Rxf5 Ba7
54. Ra5 Bd4 55. Ne5+ Kb4 56. Rd5 Bxe5 57. Rxe5 Rc3 58. Re4+ Kc5 59. Rxg4 Kxc6
60. Rd4 Kc5 61. Rd7 Kc6 1/2-1/2

[Event "AUTO-OPEN-336"]
[Site "http://www.queenalice.com/game.php?id=200597"]
[Date "2007.4.22"]
[Round "2"]
[White "Pato"]
[Black "bleras"]
[Result "1/2-1/2"]
[WhiteElo "2069"]
[BlackElo "2023"]

1. Nh3 c5 2. Na3 d5 3. e3 Bxh3 4. gxh3 e6 5. Bg2 Nc6 6. O-O Bd6 7. c4 Nf6 8. Nb5
dxc4 9. Nxd6+ Qxd6 10. Qa4 O-O-O 11. Qxc4 Ne5 12. Qa4 a6 13. d4 Nd3 14. b4 b5
15. Qc2 Nxb4 16. Qc3 c4 17. a4 Nfd5 18. Qb2 Nd3 19. Qc2 Nxc1 20. axb5 axb5 21.
Rfxc1 Kd7 22. e4 Nc7 23. d5 Rb8 24. dxe6+ Nxe6 25. Rd1 Nd4 26. Rxd4 Qxd4 27. Rd1
Qxd1+ 28. Qxd1+ Ke6 29. Qd5+ Ke7 30. Qc5+ Ke6 31. Qc6+ Ke7 32. Qc7+ Ke6 33. f4
Rhd8 34. Bf3 g6 35. Qe5+ Kd7 36. Bg4+ Kc6 37. Qf6+ Kc5 38. Qxf7 Kb4 39. Qe7+ Kb3
40. e5 c3 41. Be6+ Kc2 42. Qb4 Kd2 43. Bb3 Kd3 44. Bd1 Rd4 45. Bc2+ Kxc2 46.
Qxd4 Kb3 47. e6 c2 48. Qd5+ Kb2 49. Qe5+ Kb1 50. Qxb8 c1=Q+ 51. Kg2 Qc6+ 52. Kg3
Qxe6 53. Qxb5+ Kc2 54. Qc5+ Kd3 55. h4 Qe1+ 56. Qf2 Qxf2+ 57. Kxf2 Ke4 58. Kg3
Kf5 59. Kf3 h5 60. h3 Ke6 61. Ke4 Kf6 62. Kf3 Kf5 63. Ke3 1/2-1/2

[Event "Reto"]
[Site "http://www.queenalice.com/game.php?id=214510"]
[Date "2007.5.22"]
[Round "-"]
[White "bleras"]
[Black "javierqz"]
[Result "0-1"]
[WhiteElo "1990"]
[BlackElo "2031"]

1. e4 c5 2. Nf3 d6 3. Bc4 Nf6 4. d3 Nc6 5. O-O g6 6. c3 Bg7 7. Re1 O-O 8. Bb3 e5
9. Be3 Bg4 10. h3 Be6 11. Bxe6 fxe6 12. Na3 a6 13. Ng5 Qe7 14. Nc2 h6 15. Nf3
Nh5 16. b4 b6 17. Rb1 Nf4 18. a3 cxb4 19. axb4 b5 20. Na3 Rab8 21. Kh2 Qc7 22.
Nh4 g5 23. Nf3 Ne7 24. Rc1 Qd7 25. g3 Nxd3 26. Qxd3 Rxf3 27. Rcd1 d5 28. Nb1 d4
29. Qe2 Rbf8 30. Bf4 Rxc3 31. Nxc3 exf4 32. Na2 Nc6 33. Rf1 Qd6 34. Qd2 Ne5 35.
Qb2 d3 36. Qb3 fxg3+ 37. fxg3 Rxf1 38. Rxf1 Nc4 39. Rf3 d2 40. Rd3 Qc6 41. Rd8+
Kf7 42. Qc2 Qb6 43. Kg2 Ne3+ 44. Kh2 Nxc2 45. Rxd2 Ne3 46. Re2 Be5 47. Nc1 Nf1+
48. Kg2 Nxg3 49. Rf2+ Kg6 50. Nd3 Bc7 51. e5 Nf5 52. h4 Nxh4+ 53. Kg3 Qe3+ 0-1

[Event "Torneo Argentino"]
[Site "http://www.queenalice.com/game.php?id=216198"]
[Date "2007.5.25"]
[Round "2"]
[White "Petrozan"]
[Black "bleras"]
[Result "1-0"]
[WhiteElo "2204"]
[BlackElo "1998"]

1. e4 e5 2. Nf3 Nc6 3. Bc4 Nf6 4. d4 exd4 5. O-O Bc5 6. e5 Ng4 7. Bxf7+ Kxf7 8.
Ng5+ Kg8 9. Qxg4 Nxe5 10. Qe4 d6 11. Qd5+ Kf8 12. f4 Qf6 13. Ne4 Nf3+ 14. Rxf3
Qf7 15. Qg5 Bb6 16. f5 d3+ 17. Be3 dxc2 18. Na3 h6 19. Qh4 Bxe3+ 20. Rxe3 Bxf5
21. Ng3 Kg8 22. Rf3 Qxa2 23. Nxc2 Qxb2 24. Qc4+ Kh7 25. Rxf5 c6 26. Qd3 Kg8 27.
Raf1 Qb6+ 28. Kh1 Qa6 29. Qxd6 Kh7 30. Rf7 Qxf1+ 31. Nxf1 Rad8 32. Qe5 Rhg8 33.
Nd4 Rd5 34. Qe4+ Kh8 35. Ne6 Re8 36. Rxg7 1-0

[Event "South American"]
[Site "http://www.queenalice.com/game.php?id=219511"]
[Date "2007.6.1"]
[Round "1"]
[White "AntonioMendonca"]
[Black "bleras"]
[Result "1-0"]
[WhiteElo "2021"]
[BlackElo "1998"]

1. d4 d5 2. c4 e6 3. Nf3 Nf6 4. g3 Bb4+ 5. Bd2 Qe7 6. a3 Bxd2+ 7. Nbxd2 Nc6 8.
Bg2 b6 9. Qc2 Bb7 10. cxd5 Nxd5 11. Rc1 O-O-O 12. O-O 1-0

[Event "AUTO-OPEN-336"]
[Site "http://www.queenalice.com/game.php?id=255283"]
[Date "2007.8.14"]
[Round "3"]
[White "bleras"]
[Black "diego2907"]
[Result "0-1"]
[WhiteElo "2028"]
[BlackElo "1598"]

1. f4 d5 2. Nf3 Bf5 3. b3 a5 4. e3 h6 5. Bb2 e6 6. Bb5+ c6 7. Be2 a4 8. O-O Nf6
9. d3 Bg4 10. Nbd2 Nbd7 0-1

[Event "AUTO-OPEN-336"]
[Site "http://www.queenalice.com/game.php?id=255284"]
[Date "2007.8.14"]
[Round "3"]
[White "diego2907"]
[Black "bleras"]
[Result "0-1"]
[WhiteElo "1567"]
[BlackElo "2026"]

1. e4 e5 2. Bc4 Nf6 3. Nf3 Nxe4 4. Qe2 d5 5. Nxe5 Bc5 6. Nd3 O-O 7. Nxc5 Re8 8.
Nxe4 Rxe4 9. Qxe4 dxe4 10. O-O Nc6 11. Nc3 Bf5 0-1

[Event "Torneo Argentino"]
[Site "http://www.queenalice.com/game.php?id=295413"]
[Date "2007.10.30"]
[Round "3"]
[White "bleras"]
[Black "Francisco"]
[Result "0-1"]
[WhiteElo "1978"]
[BlackElo "2200"]

1. f4 d5 2. Nf3 Nf6 3. e3 c5 4. Be2 e6 5. O-O Nc6 6. Nc3 Be7 7. d3 d4 8. exd4
Nxd4 9. Nxd4 cxd4 10. Ne4 Qc7 11. Nxf6+ Bxf6 12. Bd2 Bd7 13. Bb4 a5 14. Bd2 O-O
15. Rc1 b5 16. Bf3 Bc6 17. f5 e5 18. Bxc6 Qxc6 19. Qf3 Rfc8 20. Qe4 Qxe4 21.
dxe4 b4 22. Kf2 Rc4 23. Ke2 Rac8 24. Kd3 Be7 25. g4 f6 26. h4 Kf7 27. Rg1 R4c6
28. g5 g6 29. Rgf1 gxf5 30. Rxf5 Ke6 31. Rf2 Rg8 32. Rg1 fxg5 33. hxg5 h6 34.
Rf5 Rg6 35. Rg2 Rc8 0-1

[Event "Challenge"]
[Site "http://www.queenalice.com/game.php?id=328257"]
[Date "2007.12.30"]
[Round "-"]
[White "TheWatcher"]
[Black "bleras"]
[Result "1-0"]
[WhiteElo "1964"]
[BlackElo "1965"]

1. d4 d5 2. Nf3 g6 3. c4 Nf6 4. Nc3 Bg7 5. Bg5 O-O 6. cxd5 Nxd5 7. e4 Nxc3 8.
bxc3 Nc6 9. Be2 Re8 10. Qd2 a6 11. a4 Na5 12. Rb1 Qd7 13. Qc2 Qg4 14. O-O f5 15.
e5 Qe4 16. Qa2+ e6 17. Rfe1 Qc6 18. c4 b6 19. d5 Qd7 20. Bf1 Nb7 21. Bd3 Nc5 22.
Bc2 Bb7 23. Rbd1 Qf7 24. Be3 Ne4 25. Bxe4 fxe4 26. Ng5 Qe7 27. Nxe6 Bxe5 28. Qc2
Qd6 29. g3 Bc8 30. c5 Qe7 31. Bg5 Qf7 32. Qxe4 Bh8 33. Qc4 c6 34. Nc7 Rf8 35.
Bf4 1-0

[Event "Challenge"]
[Site "http://www.queenalice.com/game.php?id=345269"]
[Date "2008.1.30"]
[Round "-"]
[White "bleras"]
[Black "Yunta"]
[Result "1-0"]
[WhiteElo "1949"]
[BlackElo "1671"]

1. d4 d5 2. c4 dxc4 3. Qa4+ Nc6 4. e3 Bd7 5. Bxc4 Nxd4 6. Bxf7+ Kxf7 7. Qxd4 e6
8. Nf3 Bb5 9. Ne5+ Ke8 10. Qe4 Qd5 11. Qf4 Nf6 12. f3 Rd8 13. Kf2 Bd6 14. Nc3
Qc5 15. Nxb5 Bxe5 16. Qa4 c6 17. Na3 b5 18. Qc2 Ng4+ 19. fxg4 Rf8+ 20. Ke2 Qd5
21. e4 Qd4 22. Be3 Qxb2 23. Rad1 Qxa3 24. Qxc6+ Kf7 25. Rhf1+ Kg8 26. Qxe6+ Kh8
27. Rxf8+ Qxf8 28. Rxd8 Qxd8 29. Qxe5 Kg8 30. Qe6+ Kh8 31. Bg5 Qf8 32. Qe5 h6
33. Bxh6 Qf6 34. Qxf6 gxf6 35. Ke3 a5 36. Kd4 b4 37. Kc4 Kh7 38. Bf4 Kg6 39. Kb5
Kf7 40. Kxa5 Ke7 41. Kxb4 f5 42. gxf5 Kd7 43. g4 Ke7 44. g5 Kf7 45. e5 Ke7 46.
g6 Kf8 47. f6 Kg8 48. e6 Kf8 49. Bh6+ Kg8 50. e7 Kh8 51. e8=Q# 1-0

[Event "Partida"]
[Site "http://www.queenalice.com/game.php?id=348687"]
[Date "2008.2.4"]
[Round "-"]
[White "javierqz"]
[Black "bleras"]
[Result "1-0"]
[WhiteElo "2085"]
[BlackElo "1954"]

1. e4 d5 2. exd5 Nf6 3. d4 Nxd5 4. c4 Nb6 5. Nc3 e5 6. Nf3 Bg4 7. Be2 Nc6 8. O-O
Bxf3 9. Bxf3 Nxc4 10. Qe2 Nxd4 11. Qxc4 Nxf3+ 12. gxf3 a6 13. Be3 b6 14. Qc6+
Qd7 15. Qxa8+ Qd8 16. Qxd8+ Kxd8 17. Rad1+ Kc8 18. f4 Bd6 19. Ne4 exf4 20. Nxd6+
Kb8 21. Bxf4 f6 22. Nf7 Rc8 23. Rd7 g5 24. Be3 c5 25. Rfd1 h5 26. Re7 g4 27.
Rdd7 f5 28. Bf4+ Ka8 29. Ra7# 1-0

[Event "Challenge"]
[Site "http://www.queenalice.com/game.php?id=350464"]
[Date "2008.2.8"]
[Round "-"]
[White "CesarLMarques"]
[Black "bleras"]
[Result "1-0"]
[WhiteElo "2284"]
[BlackElo "1971"]

1. d4 d5 2. c4 e6 3. Nf3 Nf6 4. Bg5 Be7 5. e3 O-O 6. Nc3 Ne4 7. Bxe7 Qxe7 8. Qc2
Nxc3 9. Qxc3 a5 10. Be2 Nd7 11. cxd5 exd5 12. Qxc7 Qb4+ 13. Qc3 Qxc3+ 14. bxc3
Nf6 15. c4 Be6 16. c5 Rfc8 17. Bd3 Rab8 18. Rb1 1-0

[Event "Challenge"]
[Site "http://www.queenalice.com/game.php?id=350465"]
[Date "2008.2.8"]
[Round "-"]
[White "bleras"]
[Black "CesarLMarques"]
[Result "0-1"]
[WhiteElo "1968"]
[BlackElo "2287"]

1. e4 e5 2. Nf3 Nc6 3. Bc4 Bc5 4. O-O Nf6 5. d3 a6 6. Bg5 h6 7. Bd2 O-O 8. c3 d5
9. exd5 Nxd5 10. Re1 b5 11. Bb3 Nf6 12. Nxe5 Bxf2+ 13. Kxf2 Nxe5 14. Rxe5 Ng4+
15. Kg1 Nxe5 16. d4 Ng6 17. a4 Be6 18. Bxe6 fxe6 19. Qe2 Qe8 20. axb5 Qxb5 0-1

[Event "Challenge"]
[Site "http://www.queenalice.com/game.php?id=365365"]
[Date "2008.3.4"]
[Round "-"]
[White "jhetro"]
[Black "bleras"]
[Result "1-0"]
[WhiteElo "2101"]
[BlackElo "1943"]

1. e4 e5 2. f4 d5 3. exd5 exf4 4. Qe2+ Be7 5. Qe5 Nf6 6. Nc3 O-O 7. Qxf4 Nxd5 8.
Nxd5 Qxd5 9. Qxc7 Bh4+ 10. Kd1 Qh5+ 11. Nf3 Re8 12. d4 Nc6 13. c3 Re1+ 14. Kd2
Bf5 15. Qf4 Ne5 16. Nxe1 Nc4+ 17. Bxc4 Bg5 18. Qxg5 Qxg5+ 19. Kd1 Qe7 20. Bf4
Re8 21. Nf3 Bg4 22. Bb5 Qe4 23. Bxe8 Bxf3+ 24. gxf3 Qxf3+ 25. Kc2 Qxf4 26. Bb5
h5 27. Raf1 Qc7 28. Be8 f6 29. Bxh5 Qa5 30. Bf3 Qxa2 31. Bxb7 Qa4+ 32. Kb1 Qb5
33. Be4 a5 34. Bg6 Kf8 35. Re1 1-0